Statistics for Lion King Song

Click here to take the quiz!

General Stats

  • This quiz has been taken 171 times
  • The average score is 27 of 36

Answer Stats

LineMissign Word (-)% Correct
Oh, I just can't wait to be -King
96%
with quite so - hairLittle
95%
I'm gonna be the - eventMain/Mane
94%
I'm gonna be a - king, so enemies bewareMighty
94%
Like no king was -Before
93%
I'm working on my -Roar
93%
Free to run around - dayAll
88%
Free to do it all my -Way
87%
Everybody look -Left
82%
I'm brushing up on - downLooking
82%
Everybody look -Right
82%
Oh, I just can't - to be kingWait
82%
I think it's time tthat you and I arranged a - to -Heart
81%
No one saying, "- -"(Now when I said that, I...)Do this
80%
Out of -Africa
79%
Oh, I - can't wait to be kingJust
79%
No one saying, "- -"(Now see here)See here
77%
Oh, I just - wait to be kingCan't
76%
No one saying, "- -"(What I meant was...)Be there
74%
No one saying, "- -"(Look, what you don't realize...)Stop that
74%
Well, I've never seen a king of -Beasts
72%
I wouldn't - about (aahh)Hang
72%
-, I just can't wait...to be kingOh
71%
Everywhere you look I'm ... standing in the - (No yet)Spotlight
71%
Out of -Service
70%
This child is getting - out of wingWildly
69%
Kings don't need advice from little - for a startHornbills
67%
If this is where the - is headed cout me outMonarchy
67%
-?Simba
67%
Thus far, a rather - thingUninspiring
67%
You've a rather long way to go - master, if you thinkYoung
62%
It's gonna be King - finest flingSimbas
53%
Let every creature go for broke and -Sing
50%
-?Nala
46%
Well, that's - outDefinitely
44%
Let's hear it in the - and on the -Herd, Wing
26%

Score Distribution

Percentile by Number Answered

Percent of People with Each Score

Your Score History

You have not taken this quiz